Statistics for German things [pic]

Click here to take the quiz!

General Stats

  • This quiz has been taken 27 times
  • The average score is 10 of 16

Answer Stats

Answer% Correct
Beer
96%
Wurst / Würstchen
96%
Aldi
83%
Angela Merkel
83%
Audi
83%
Oktoberfest
83%
Puma
83%
Autobahn
79%
Berlin wall
75%
Lufthansa
71%
Kraut
54%
Black Forest / Schwarzwald
50%
Richard Wagner
29%
Rammstein
17%
European Central Bank
8%
Richard Strauss
4%

Score Distribution

Percentile by Number Answered

Percent of People with Each Score

Your Score History

You have not taken this quiz